000 00536nam a2200157 a 4500
001 000030193
005 20200930060124.0
008 110504s2010 dr 000 0 spa d
040 _aDO-SdBNP
_bspa
_cBNPHU
082 _axxx
_bD598
110 1 _aDirección para Asuntos de la Carrera Judicial del Poder Judicial
_956900
245 1 0 _aCultura del capital humano del Poder Judicial.
260 _a[Santo Domingo] :
_bDirección para Asuntos de la Carrera Judicial del Poder Judicial,
_c2010.
300 _a32 p. ;
_c22 cm.
049 _aBNPD
999 _c29685
_d29685